000 00707nam a2200241Ia 4500
003 OSt
005 20220928112603.0
006 a|||||r|||| 00| 0
007 ta
008 220927b |||||||| |||| 00| 0 eng d
024 _a66573
037 _cTextual
040 _aSDCL
_cSDCL
_beng
041 _2eng
_aeng
082 _aO142,3M60w,4, P4
100 _aChekhov Anton
_9412551
245 0 _aLife in letters Ed by Rosamund Bartlett. Tr by Rosamund Bartlett and Anthony Phillips
260 _aLondon
_bPenguin Books
_c2004
300 _alxvi,550p.
_ccm.
650 _aLetters Chekhov
_9428966
942 _hO142,3M60w,4, P4
_cTEXL
_2CC
999 _c745443
_d745443